Štatistická ročenka Slovenskej republiky 2017 = Statistical Yearbook of the Slovak Republic 2017

Salvato in:
Dettagli Bibliografici
Natura: Libro
Lingua:slovacco
Pubblicazione: Bratislava : Veda, 2017
Tags: Aggiungi Tag
Nessun Tag, puoi essere il primo ad aggiungerne!!

MARC

LEADER 00000nam a22000003a 4500
001 0032382
003 SK-STU
005 20180417123442.7
007 ta
008 180417s ----xo-----e------000-0-----d
040 |a STU  |b slo 
041 0 |a slo 
044 |a xo 
245 1 0 |a Štatistická ročenka Slovenskej republiky 2017 = Statistical Yearbook of the Slovak Republic 2017 
260 |a Bratislava :  |b Veda,  |c 2017 
300 |b CD-ROM 
996 |b 284EO00470  |c E*O-470  |l EE0104  |s P  |a 0  |w 0032382_0001